Datum a čas kvízu
34.5
Celkem bodů
Celkový počet nahraných bodů na tomto kvízu bez doplňovacích otázek.
4.
Pořadí na kvízu
Konečné umístění týmu na tomto kvízu.
Zaznamenané odpovědi
| # | Otázka | Odpověď | Body | Výsledky |
|---|---|---|---|---|
| 1. | Žena, která nastoupila loni v... | Jana Vohralíková, Petr Kolář | 1 | |
| 2. | Tento ruský opoziční politik v... | Boris Naděždin | 0 | |
| 3. | Ve čtvrtek byl na Netflixu ods... | narkobaronka (šéfka kokainové mafie) | 0 | |
| 4. | Které město jako první v České... | Brno | 0 | |
| 5. | Po závěrečné siréně nedělního... | Sparta Praha, Třinec | 0.5 | |
| 6. | Nejvíce dvojčat na světě se ro... | Nigérie | 1 | |
| 7. | Dvojčata mohou na počátku nitr... | chiméra | 0 | |
| 8. | Jako dvojčata byly označovány... | WTC | 1 | |
| 9. | Jak se jmenuje herec, jehož ob... | Rami Malek | 0 | |
| 10. | Na závěr tématu se podíváme na... | paterčata | 1 |